[Event "Challenge"]
[Site "http://www.queenalice.com/game.php?id=979328"]
[Date "2011.8.31"]
[Round "-"]
[White "jbugg"]
[Black "rsiqueira"]
[Result "0-1"]
[WhiteElo "1380"]
[BlackElo "1486"]

1. e4 e5 2. Nf3 Nc6 3. Nc3 g6 4. Bc4 d6 5. Ng5 Qxg5 6. Qf3 Qe7 7. Nd5 Nd4 8. Qd3
Qd7 9. c3 Nc6 10. O-O Bg7 11. Qc2 Nf6 12. Qa4 a6 13. d3 O-O 14. Bg5 Nxd5 15.
exd5 b5 16. Bxb5 axb5 17. Qxa8 Ne7 18. Bxe7 Qxe7 19. Qb8 Qd7 20. b3 c5 21. b4
cxb4 22. cxb4 Bb7 23. Qa7 Ra8 24. Qe3 Bxd5 25. Qg3 Rxa2 26. Rac1 Ra4 27. Qh4 e4
28. Rc5 dxc5 29. dxe4 Rxb4 30. f3 Bd4+ 31. Kh1 Bc4 32. Re1 Rb2 33. e5 Re2 34. f4
Bf2 0-1

[Event "Challenge"]
[Site "http://www.queenalice.com/game.php?id=979569"]
[Date "2011.8.31"]
[Round "-"]
[White "mibmiranda"]
[Black "rsiqueira"]
[Result "0-1"]
[WhiteElo "1254"]
[BlackElo "1498"]

1. e4 e5 2. Nf3 d5 3. Nc3 d4 4. Nd5 Be6 5. Bc4 c6 6. Nxe5 cxd5 7. Bb5+ Bd7 8.
Qe2 a6 9. Bd3 Nf6 10. exd5 g6 11. Nxg6+ Be7 12. Nxh8 Qb6 13. b3 Nxd5 14. O-O Qf6
15. Qe4 Qxh8 16. Qxd5 Nc6 17. Bf5 Bxf5 18. Qxf5 d3 19. Rb1 dxc2 20. Qxc2 Rd8 21.
Bb2 Nd4 22. Qe4 Qf6 23. Rfe1 Kf8 24. Qxb7 Qg5 25. Rbc1 Bf6 26. Rc7 Qg7 27. Qxa6
Nf3+ 28. Kf1 Nxh2+ 29. Kg1 Nf3+ 30. Kf1 Nxd2+ 31. Ke2 Bxb2 32. Rd1 Qe5# 0-1

[Event "Challenge"]
[Site "http://www.queenalice.com/game.php?id=983178"]
[Date "2011.9.9"]
[Round "-"]
[White "rsiqueira"]
[Black "mibmiranda"]
[Result "1-0"]
[WhiteElo "1523"]
[BlackElo "1280"]

1. e4 e5 2. Nf3 Nc6 3. Nc3 Nf6 4. g3 Be7 5. Bg2 b6 6. O-O Bb7 7. b3 Bc5 8. Bb2
Ng4 9. a3 a5 10. Nd5 Nd4 11. Nxd4 h5 12. Nf3 h4 13. Nxh4 Rxh4 14. h3 Qg5 15.
gxh4 Qxh4 16. Qxg4 Qh6 17. Nxc7+ 1-0

[Event "Challenge"]
[Site "http://www.queenalice.com/game.php?id=985122"]
[Date "2011.9.14"]
[Round "-"]
[White "sylviamm"]
[Black "rsiqueira"]
[Result "0-1"]
[WhiteElo "1253"]
[BlackElo "1526"]

1. Nf3 Nc6 2. d4 d5 3. Nc3 e6 4. g3 Nf6 5. Bg2 g6 6. Bf4 Bg7 7. O-O a5 8. Be5
Nxe5 9. Nxe5 O-O 10. e3 b6 11. Re1 Ba6 12. Na4 Qd6 13. Rc1 Bb5 14. b3 Bxa4 15.
bxa4 Qa3 16. c4 Qxa2 17. cxd5 Nxd5 18. e4 Nb4 19. Rxc7 Bxe5 20. dxe5 Rad8 21.
Rd7 Rxd7 22. Qxd7 Qc2 23. Bf1 Nc6 24. Qc7 Nd4 25. Qxc2 Nxc2 26. Rc1 Nd4 27. Rc3
Kg7 28. f4 h5 29. Kf2 f5 30. Rc4 Rd8 31. Ke3 g5 32. Rc7+ Kf8 33. fxg5 fxe4 34.
Bh3 Nf3 35. Kf4 Rd3 36. g6 Ng5 37. g7+ Kg8 38. Bxe6+ Nxe6+ 39. Kxe4 Nxc7 40.
Kxd3 b5 41. axb5 Nxb5 42. e6 Kxg7 43. Kc4 a4 44. e7 Kf7 45. e8=Q+ Kxe8 46. Kb4
a3 47. Kb3 Kf7 48. h3 Kf6 0-1

[Event "Challenge"]
[Site "http://www.queenalice.com/game.php?id=989360"]
[Date "2011.9.24"]
[Round "-"]
[White "artemise"]
[Black "rsiqueira"]
[Result "1-0"]
[WhiteElo "1509"]
[BlackElo "1531"]

1. e4 e5 2. Nf3 d6 3. Bc4 a6 4. Nc3 b5 5. Bb3 Be7 6. O-O Bg4 7. d3 c6 8. Be3 a5
9. a4 b4 10. Ne2 c5 11. c3 Nc6 12. Ne1 Nf6 13. Qd2 O-O 14. Nc2 bxc3 15. bxc3 Rb8
16. Rab1 d5 17. exd5 Nxd5 18. f4 Bxe2 19. Bxd5 Bxf1 20. Rxb8 Nxb8 21. Bc4 Bxg2
22. Qxg2 exf4 23. Bxf4 g6 24. Bh6 Bd6 25. Bxf8 Qxf8 26. Ne3 Qh6 27. Ng4 Qg5 28.
h3 h5 29. Qb7 Qc1+ 30. Kg2 Qd2+ 31. Nf2 Qg5+ 32. Kf1 Qf6 33. Qb5 Qxc3 34. Qe8+
Kh7 35. Qxf7+ Qg7 36. Qd5 Qf6 37. Ke2 Nd7 38. Ne4 Qe7 39. Qg8+ Kh6 40. Bf7 Qe5
41. Qxg6# 1-0

[Event "Challenge"]
[Site "http://www.queenalice.com/game.php?id=989366"]
[Date "2011.9.24"]
[Round "-"]
[White "rsiqueira"]
[Black "artemise"]
[Result "0-1"]
[WhiteElo "1514"]
[BlackElo "1526"]

1. d4 d5 2. Nf3 Nf6 3. g3 e6 4. a3 c5 5. Bg2 Be7 6. Nc3 Nc6 7. O-O b6 8. Bg5 O-O
9. Nb5 a6 10. Nc3 Bd7 11. e3 Qc7 12. b4 cxb4 13. axb4 Nxb4 14. Qd2 Rfc8 15. Na4
b5 16. Bxf6 Bxf6 17. Qxb4 a5 18. Qc5 bxa4 19. Qxc7 Rxc7 20. Rfc1 Rac8 21. Ra2
Rc3 22. Ne5 Be8 23. Nd3 Rxd3 24. Bf1 Rdc3 25. f4 Rxe3 26. c3 Rexc3 27. Rxc3
Bxd4+ 28. Kg2 Bxc3 29. Rc2 d4 30. Bd3 Bc6+ 31. Kf2 h6 32. f5 e5 33. Re2 f6 34.
Bc4+ Kh7 35. Be6 Rb8 36. g4 Rb2 37. Rxb2 Bxb2 38. Ke2 Bc3 39. Kd3 Bb5+ 40. Bc4
Bxc4+ 41. Kxc4 a3 0-1

[Event "Challenge"]
[Site "http://www.queenalice.com/game.php?id=990948"]
[Date "2011.9.28"]
[Round "-"]
[White "rsiqueira"]
[Black "AuntieRenie"]
[Result "1-0"]
[WhiteElo "1513"]
[BlackElo "1449"]

1. e4 d6 2. d4 Nf6 3. Nc3 g6 4. Nf3 Bg7 5. Bc4 O-O 6. O-O Nbd7 7. b3 c5 8. dxc5
Nxc5 9. Be3 e6 10. Qd2 Ncxe4 11. Nxe4 Nxe4 12. Qd1 Bxa1 13. Qxa1 d5 14. Bh6 Nf6
15. Bxf8 Kxf8 16. Qd4 Qe7 17. Bd3 Ke8 18. h3 Bd7 19. c4 Bc6 20. cxd5 Bxd5 21.
Bb5+ Bc6 22. Bxc6+ bxc6 23. Qc3 c5 24. b4 cxb4 25. Qc6+ Qd7 26. Qxa8+ Ke7 27.
Ne5 Qa4 28. Qb7+ Nd7 29. Nxd7 Qxd7 30. Qxb4+ Kf6 31. Qf4+ Kg7 32. h4 Qd5 33. a3
Qa2 34. Qe3 a5 35. Qc3+ f6 36. Qxa5 Qe2 37. Qa7+ Kh6 38. Qe3+ 1-0

[Event "Challenge"]
[Site "http://www.queenalice.com/game.php?id=992915"]
[Date "2011.10.3"]
[Round "-"]
[White "sylviamm"]
[Black "rsiqueira"]
[Result "0-1"]
[WhiteElo "1262"]
[BlackElo "1472"]

1. e4 e5 2. Nf3 d6 3. d4 Nc6 4. Bg5 Be7 5. Qd2 d5 6. Nc3 exd4 7. Nxd5 Bxg5 8.
Nxg5 Nf6 9. Bd3 g6 10. f3 Nxd5 11. exd5 Qxd5 12. Ne4 Qe6 13. O-O-O Bd7 14. Rde1
O-O 15. Nc5 Qd5 16. Nb3 Rae8 17. Qh6 Nb4 18. Be4 Qc4 19. c3 Nxa2+ 20. Kc2 Nb4+
21. Kb1 dxc3 22. Qe3 Qxb3 23. Qxc3 Qxc3 24. bxc3 Nc6 25. Rd1 Bf5 26. Rd5 Bxe4+
27. fxe4 Rxe4 28. Rd7 Rc4 29. Kb2 Rd8 30. Rxc7 b5 31. Rf1 Ne5 32. Rxa7 Rdc8 33.
Re7 Nd3+ 34. Kc2 Rxc3+ 35. Kd2 f5 36. Rf3 Kf8 37. Rxh7 b4 38. Rh8+ Kf7 39. Rxc8
Rxc8 40. Rxd3 g5 41. Rd7+ Kf6 42. Rb7 Rd8+ 43. Ke2 Re8+ 44. Kd3 Re4 45. Kc2 Re2+
46. Kb3 Rxg2 47. Rb6+ Ke5 48. Rh6 g4 49. Kxb4 f4 50. h3 g3 51. Rh5+ Ke4 52. Rc5
f3 53. h4 f2 54. Rc4+ Kf3 55. h5 f1=Q 0-1

[Event "Challenge"]
[Site "http://www.queenalice.com/game.php?id=992916"]
[Date "2011.10.3"]
[Round "-"]
[White "rsiqueira"]
[Black "sylviamm"]
[Result "0-1"]
[WhiteElo "1498"]
[BlackElo "1236"]

1. e4 e5 2. d4 d6 3. d5 Nf6 4. Nc3 g6 5. Bg5 Bg7 6. Bb5+ Nbd7 7. Nf3 O-O 8. Qd2
a6 9. Be2 Nc5 10. Qe3 h6 11. Bxf6 Bxf6 12. Qxh6 Bg7 13. Qe3 f5 14. Ng5 fxe4 15.
Ncxe4 Nxe4 16. Nxe4 Bf6 17. O-O c5 18. Qh6 Bg7 19. Qxg6 Bf5 20. Qg3 Bxe4 21. Qb3
b5 22. c4 bxc4 23. Qxc4 Rf4 24. g3 Qg5 25. f3 Bf5 26. Qb3 Rb4 27. Qc3 e4 28. Qa3
Bd4+ 29. Kg2 Bxb2 30. f4 Qf6 31. Qa5 Bxa1 32. Bxa6 Bc8 33. Rxa1 Qxa1 34. Qd8+
Kg7 35. Bxc8 Rb2+ 36. Kh3 Qf1+ 37. Kg4 Ra7 38. Qg5+ Kf8 39. Qf6+ Rf7 40. Qh8+
Ke7 41. Qxb2 Qd1+ 42. Kg5 Qxd5+ 43. f5 Qd4 44. Qe2 e3 45. g4 Rg7+ 46. Kh4 Qf4
47. h3 Rh7# 0-1

[Event "Challenge"]
[Site "http://www.queenalice.com/game.php?id=996333"]
[Date "2011.10.12"]
[Round "-"]
[White "sylviamm"]
[Black "rsiqueira"]
[Result "0-1"]
[WhiteElo "1242"]
[BlackElo "1480"]

1. Nf3 d5 2. d4 e6 3. g3 Nf6 4. Nbd2 Nc6 5. Bg2 Qd6 6. O-O Be7 7. c3 Ng4 8. Qe1
e5 9. e4 exd4 10. Nxd4 Nce5 11. Qe2 Bg5 12. exd5 O-O 13. Ne4 Qh6 14. Nf3 Nxf3+
0-1

[Event "Challenge"]
[Site "http://www.queenalice.com/game.php?id=996336"]
[Date "2011.10.12"]
[Round "-"]
[White "rsiqueira"]
[Black "sylviamm"]
[Result "1-0"]
[WhiteElo "1486"]
[BlackElo "1258"]

1. d4 Nc6 2. Nf3 d5 3. Nc3 Nf6 4. Bf4 g6 5. Ng5 Nh5 6. Be3 Be6 7. Nxe6 fxe6 8.
Qd3 e5 9. Bg5 exd4 10. Nb5 Qd7 11. Nxd4 Bg7 12. Nxc6 Qxc6 13. Rd1 O-O-O 14. b3
h6 15. Bd2 e5 16. Qh3+ Rd7 17. e4 Qxc2 18. exd5 Qxa2 19. Bb5 Nf6 20. Bxd7+ Nxd7
21. Rc1 c6 22. dxc6 Kc7 23. Qxd7+ 1-0

[Event "Challenge"]
[Site "http://www.queenalice.com/game.php?id=997971"]
[Date "2011.10.16"]
[Round "-"]
[White "sylviamm"]
[Black "rsiqueira"]
[Result "0-1"]
[WhiteElo "1234"]
[BlackElo "1499"]

1. e4 d5 2. Nc3 d4 3. Nce2 e5 4. Nf3 Nc6 5. Ng3 Nf6 6. d3 Bb4+ 7. Nd2 Bg4 8. f3
Be6 9. Nf5 O-O 10. c3 dxc3 11. Qa4 cxd2+ 12. Bxd2 Bxd2+ 13. Kxd2 Nd4 14. Qb4
Bxf5 15. Qxb7 Be6 16. Rc1 c6 17. Rc5 Nd7 18. Rc2 Nxc2 19. Kxc2 Qa5 20. Qxc6 Qc5+
21. Qxc5 Nxc5 22. b3 Rac8 23. Kd2 Rfd8 24. Be2 Na6 25. Ra1 Nb4 26. a3 Nc2 27.
Ra2 Bxb3 28. Rb2 Ba4 29. Bd1 Rb8 30. Kc1 Rxb2 31. Kxb2 Rb8+ 32. Kc1 Rc8 33. Kd2
g5 34. h3 f6 35. g3 a5 0-1

[Event "Challenge"]
[Site "http://www.queenalice.com/game.php?id=997981"]
[Date "2011.10.16"]
[Round "-"]
[White "rsiqueira"]
[Black "sylviamm"]
[Result "1-0"]
[WhiteElo "1493"]
[BlackElo "1240"]

1. d4 d5 2. Nf3 Bf5 3. Bf4 Nf6 4. Nc3 Nh5 5. Be3 c6 6. g3 Qb6 7. b3 g6 8. Bg2
Nd7 9. Qd2 Bg7 10. O-O O-O 11. Bh6 Rfe8 12. Bxg7 Nxg7 13. Rae1 Qb4 14. e4 Bxe4
15. Nxe4 Qa3 16. Qh6 Nf5 17. Qh3 dxe4 18. Ng5 Nf6 19. Bxe4 Nxd4 20. Re3 Qxa2 21.
Rfe1 Nxc2 22. Bxc2 Qxc2 23. Rxe7 Qd2 24. Rxe8+ Rxe8 25. Rxe8+ Nxe8 26. Qxh7+ Kf8
27. Qxf7# 1-0

[Event "Challenge"]
[Site "http://www.queenalice.com/game.php?id=1001744"]
[Date "2011.10.26"]
[Round "-"]
[White "sylviamm"]
[Black "rsiqueira"]
[Result "1-0"]
[WhiteElo "1305"]
[BlackElo "1468"]

1. e4 e5 2. Nf3 Nc6 3. Nc3 Bc5 4. Bc4 Nf6 5. O-O O-O 6. d3 Nd4 7. Nxe5 d6 8. Na4
b5 9. Bxf7+ Rxf7 10. Nxf7 Kxf7 11. Qd2 bxa4 12. c3 Ne6 13. d4 Bb6 14. e5 dxe5
15. dxe5 Qxd2 16. Bxd2 Ng4 17. h3 Nxe5 18. Rfe1 Nd3 19. Re2 Nef4 20. Re4 g5 21.
Kh2 Bxf2 22. b3 a3 23. Rc4 c5 24. Rf1 Be6 25. Ra4 Bd5 26. Bxf4 Nxf4 27. Rxf2 h5
28. g3 Bc6 29. Ra5 g4 30. Rxf4+ Ke6 31. Rxc5 Bd5 32. hxg4 hxg4 33. c4 Rh8+ 34.
Kg1 Rh1+ 35. Kf2 Rh2+ 36. Ke3 Kd6 37. Kd4 Bf3 38. Rf6+ Ke7 39. Ke5 Re2+ 40. Kf5
Rxa2 41. Rc7+ Kd8 42. Rxa7 Ke8 43. Rh6 Be4+ 44. Kxg4 Rf2 45. Re6+ Kf8 46. Rxe4
a2 47. Rf4+ Rxf4+ 48. gxf4 Ke8 49. Rxa2 Ke7 50. c5 Kd7 51. b4 Kc6 52. f5 Kb5 53.
f6 Kxb4 54. f7 Kxc5 55. f8=Q+ Kd4 56. Qf4+ Kc3 57. Qc7+ Kd3 58. Qc2+ Kd4 59.
Qd1+ Ke3 60. Re2# 1-0

[Event "Challenge"]
[Site "http://www.queenalice.com/game.php?id=1001750"]
[Date "2011.10.26"]
[Round "-"]
[White "rsiqueira"]
[Black "sylviamm"]
[Result "0-1"]
[WhiteElo "1493"]
[BlackElo "1280"]

1. e4 e5 2. d4 Nc6 3. d5 Nce7 4. Nf3 Ng6 5. Bg5 Nf6 6. Bc4 h6 7. Be3 Nxe4 8. Qd3
Nc5 9. Qf5 d6 10. Qh5 Nf4 11. Bxf4 exf4 12. Nd4 g6 13. Qe2+ Qe7 14. Bb5+ Kd8 15.
O-O a6 16. Bc4 Bg7 17. Qxe7+ Kxe7 18. c3 Na4 19. Re1+ Kd8 20. Re2 Re8 21. b3
Nxc3 22. Nxc3 Bxd4 23. Rc1 Re5 24. Re4 c5 25. Rxf4 b5 26. Bd3 Bxc3 27. Rxc3 Bf5
28. g3 b4 29. Rxb4 cxb4 30. Rc6 Bxd3 31. Rxd6+ Ke8 32. Rb6 Re1+ 33. Kg2 Be4+ 34.
f3 Re2+ 35. Kf1 Bxf3 36. d6 Rc8 37. d7+ Kxd7 38. Rb7+ Ke6 39. Rb6+ Ke5 40. Rxb4
Rc1# 0-1

[Event "Challenge"]
[Site "http://www.queenalice.com/game.php?id=1085317"]
[Date "2012.7.21"]
[Round "-"]
[White "artemise"]
[Black "rsiqueira"]
[Result "1-0"]
[WhiteElo "1729"]
[BlackElo "1438"]

1. e4 e5 2. Bc4 Nf6 3. Nf3 Nc6 4. Nc3 d6 5. Ng5 Be6 6. Bxe6 fxe6 7. Nxe6 Qe7 8.
Ng5 g6 9. d3 h5 10. Nd5 Nxd5 11. exd5 Nd4 12. c3 Nf5 13. Ne6 Bh6 14. Bxh6 Rxh6
15. Qd2 c6 16. c4 cxd5 17. cxd5 Nd4 18. Qxh6 Nc2+ 19. Kd2 Nd4 20. Qh8+ 1-0